[Event "Druga liga CS-Istok 2007"]
[Site "Prolom Banja"]
[Date "2007.10.07"]
[Round "5.1"]
[White "Kostic, Nebojsa"]
[Black "Dimitrijevic, Srdjan"]
[Result "1/2-1/2"]
[WhiteElo "2333"]
[BlackElo "2313"]
[PlyCount "96"]
[EventDate "2007.09.09"]

1. Nf3 g6 2. c4 Bg7 3. Nc3 c5 4. d4 cxd4 5. Nxd4 Nc6 6. Nc2 Nf6 7. e4 d6 8. Be2
O-O 9. O-O a5 10. b3 Nd7 11. Bb2 Nc5 12. Rb1 f5 13. exf5 Bxf5 14. Bg4 Bxg4 15.
Qxg4 Ne5 16. Qd1 Ned3 17. Ba1 Rf7 18. Ne1 Nxf2 19. Qe2 Bd4 20. Nf3 Nh3+ 21. Kh1
Nf4 22. Qd2 Bxc3 23. Qxc3 e5 24. Nxe5 Qg5 25. Rxf4 Qxe5 26. Qxe5 dxe5 27. Rxf7
Kxf7 28. Bxe5 Rd8 29. h3 Rd2 30. a3 Ke6 31. Bc3 Rd3 32. Bxa5 Rxb3 33. Re1+ Kf5
34. Rf1+ Ke6 35. Kh2 Nd3 36. Rf3 Rxa3 37. Re3+ Kf5 38. Bd8 Rb3 39. Bc7 h5 40.
c5 g5 41. Rf3+ Ke4 42. Bd6 Rb2 43. Rg3 g4 44. hxg4 h4 45. Rf3 Rxg2+ 46. Kxg2
Ne1+ 47. Kh3 Nxf3 48. Be7 Kd5 1/2-1/2

[Event "Druga liga CS-Istok 2007"]
[Site "Prolom Banja"]
[Date "2007.10.07"]
[Round "5.1"]
[White "Petkovic, Dragoslav"]
[Black "Djokic, Vladan"]
[Result "0-1"]
[WhiteElo "2281"]
[BlackElo "2282"]
[PlyCount "154"]
[EventDate "2007.09.09"]

1. e4 c5 2. Nf3 e6 3. d3 Nc6 4. g3 d6 5. Bg2 Nge7 6. O-O g6 7. c3 Bg7 8. Re1 e5
9. a3 O-O 10. b4 b6 11. Nbd2 h6 12. Bb2 g5 13. Nc4 Be6 14. h4 f6 15. b5 Nb8 16.
Ne3 a6 17. a4 Qd7 18. Nc4 Qd8 19. Qb3 a5 20. Qc2 Ra7 21. Qe2 Nc8 22. d4 Qe8 23.
dxe5 dxe5 24. hxg5 hxg5 25. Rad1 Qh5 26. Ne3 Rd7 27. Nd5 Bxd5 28. exd5 Nd6 29.
Nd2 Qxe2 30. Rxe2 g4 31. Ne4 Nxe4 32. Bxe4 f5 33. Bb1 Rd6 34. Bc1 Nd7 35. Kg2
e4 36. Bf4 Be5 37. Bg5 Rf7 38. c4 Rg7 39. Be3 Rdg6 40. Rh1 Rh7 41. Rxh7 Kxh7
42. Re1 Nf6 43. Rd1 Rg7 44. d6 Kg6 45. Bc2 Rd7 46. Rh1 Ng8 47. Rh4 Bf6 48. Rh1
Rxd6 49. Bf4 Rd7 50. Kf1 Bg5 51. Rh8 Ne7 52. Bb8 Rd2 53. Bb3 Bf6 54. Bf4 Bxh8
55. Bxd2 Be5 56. Ke2 Kf6 57. Bc2 Ng6 58. Bh6 Bb2 59. Bb3 Ne5 60. Bf8 Ke6 61.
Bg7 Nd3 62. Bh6 Bd4 63. Bc2 Nxf2 64. Bf4 Kd7 65. Kf1 Nh3 66. Bh6 Be5 67. Kg2
Ke7 68. Bd1 Bf6 69. Bd2 Bg5 70. Bc3 Ke6 71. Be2 Be3 72. Bg7 Ng1 73. Bd1 Nf3 74.
Be2 Ne1+ 75. Kf1 Nd3 76. Bxd3 exd3 77. Ke1 f4 0-1

[Event "Druga liga CS-Istok 2007"]
[Site "Prolom Banja"]
[Date "2007.10.07"]
[Round "5.1"]
[White "Kajganovic, Miodrag"]
[Black "Manojlovic, Nebojsa"]
[Result "1-0"]
[WhiteElo "2271"]
[BlackElo "2168"]
[PlyCount "101"]
[EventDate "2007.09.09"]

1. e4 d5 2. exd5 Qxd5 3. Nc3 Qa5 4. Bc4 Nf6 5. d3 c6 6. Nf3 Bg4 7. h3 Bh5 8. g4
Bg6 9. Qe2 e6 10. Bd2 Bb4 11. O-O-O Nd5 12. Nxd5 Bxd2+ 13. Nxd2 cxd5 14. Nb3
Qd8 15. Bb5+ Nc6 16. h4 h5 17. Nc5 Qe7 18. Bxc6+ bxc6 19. d4 hxg4 20. Qxg4 Qf6
21. h5 Qf5 22. Qxf5 Bxf5 23. Rdg1 Rh7 24. h6 g6 25. Rg3 Ke7 26. Ra3 g5 27. Ra6
Kd6 28. Nb7+ Kc7 29. Na5 Rah8 30. Rxc6+ Kb8 31. Rc3 Rxh6 32. Nc6+ Kb7 33. Rxh6
Rxh6 34. Nd8+ Kb6 35. Nxf7 Rh1+ 36. Kd2 g4 37. Nd6 Rh2 38. Ke2 Bg6 39. b4 a6
40. a4 Rh3 41. a5+ Ka7 42. Rc7+ Kb8 43. Rc8+ Ka7 44. Rc7+ Kb8 45. Rc6 Ka7 46.
b5 axb5 47. Nxb5+ Kb8 48. a6 Rh8 49. Rb6+ Ka8 50. Rb7 Rc8 51. Nc7+ 1-0

[Event "Druga liga CS-Istok 2007"]
[Site "Prolom Banja"]
[Date "2007.10.07"]
[Round "5.1"]
[White "Puzic, Slobodan"]
[Black "Keca, Dragomir"]
[Result "1/2-1/2"]
[WhiteElo "2133"]
[BlackElo "2213"]
[PlyCount "41"]
[EventDate "2007.09.09"]

1. f4 d5 2. Nf3 g6 3. d4 Bg7 4. e3 Bg4 5. h3 Bxf3 6. Qxf3 Nf6 7. Bd3 O-O 8. O-O
c5 9. c3 Qd6 10. Bd2 Qb6 11. Bc1 Nc6 12. Nd2 cxd4 13. exd4 e5 14. fxe5 Nxe5 15.
Qe2 Rfe8 16. Nf3 Nxd3 17. Qxd3 Ne4 18. Qc2 Rac8 19. Qb3 Qd6 20. Ne5 Ng3 21.
Nxf7 1/2-1/2

[Event "Druga liga CS-Istok 2007"]
[Site "Prolom Banja"]
[Date "2007.10.07"]
[Round "5.1"]
[White "Ilic, Slobodan"]
[Black "Stankovic, Goran"]
[Result "1-0"]
[WhiteElo "2179"]
[BlackElo "2052"]
[PlyCount "77"]
[EventDate "2007.09.09"]

1. e4 c5 2. Nf3 Nc6 3. d3 g6 4. g3 Bg7 5. Bg2 e5 6. O-O Nge7 7. Re1 O-O 8. Nbd2
d6 9. Nf1 h6 10. c3 f5 11. exf5 Nxf5 12. Qa4 Be6 13. Bd2 Qf6 14. h3 Nfe7 15.
N1h2 Kh7 16. Re2 Bf5 17. Ne1 g5 18. Ng4 Qg6 19. Ne3 b5 20. Qxb5 Rab8 21. Qa4 d5
22. Nxd5 Nxd5 23. Bxd5 Ne7 24. Bg2 Qd6 25. b3 Kh8 26. Rd1 Bd7 27. Qxa7 Nc6 28.
Qa3 Ra8 29. Qb2 e4 30. dxe4 Ne5 31. Qb1 Qf6 32. f4 gxf4 33. gxf4 Qh4 34. fxe5
Bxh3 35. Bxh3 Qxh3 36. Rg2 Bxe5 37. Qd3 Bh2+ 38. Rxh2 Rg8+ 39. Kh1 1-0

[Event "Druga liga CS-Istok 2007"]
[Site "Prolom Banja"]
[Date "2007.10.07"]
[Round "5.1"]
[White "Stankovic, Ivan G"]
[Black "Stankovic, Dejan"]
[Result "0-1"]
[WhiteElo "1950"]
[BlackElo "2226"]
[PlyCount "70"]
[EventDate "2007.09.09"]

1. e4 e5 2. d4 exd4 3. Qxd4 Nc6 4. Qe3 Nf6 5. Nc3 Bb4 6. Bd2 O-O 7. O-O-O Re8
8. f3 d6 9. h4 Ne5 10. g4 Be6 11. h5 Bc5 12. Qf4 Bxg1 13. Rxg1 c6 14. Be2 Bc4
15. Rh1 b5 16. g5 Nfd7 17. b3 Bxe2 18. Nxe2 Nc5 19. Bc3 a5 20. g6 fxg6 21. hxg6
hxg6 22. Qh2 Kf7 23. f4 Ng4 24. Qh7 Nf6 25. Bxf6 Qxf6 26. e5 Qf5 27. Rxd6 Rh8
28. Qxh8 Rxh8 29. Rxh8 Qe4 30. Rh2 a4 31. Rd4 Qe3+ 32. Kb2 axb3 33. axb3 Ne4
34. Rd3 Qb6 35. Nd4 Nc5 0-1

[Event "Druga liga CS-Istok 2007"]
[Site "Prolom Banja"]
[Date "2007.10.07"]
[Round "5.3"]
[White "Zivic, Dragan"]
[Black "Biljanic, Ljubomir"]
[Result "1/2-1/2"]
[WhiteElo "2307"]
[BlackElo "2290"]
[PlyCount "20"]
[EventDate "2007.09.09"]

1. d4 Nf6 2. Nf3 d6 3. h3 g6 4. c3 Bg7 5. Bf4 Nbd7 6. Nbd2 c5 7. e3 a6 8. a4 b6
9. Bc4 Bb7 10. O-O O-O 1/2-1/2

[Event "Druga liga CS-Istok 2007"]
[Site "Prolom Banja"]
[Date "2007.10.07"]
[Round "5.4"]
[White "Djokic, Nebojsa"]
[Black "Markovic, Milan"]
[Result "0-1"]
[WhiteElo "2252"]
[BlackElo "2325"]
[PlyCount "114"]
[EventDate "2007.09.09"]

1. e4 c5 2. Nf3 g6 3. d4 cxd4 4. Nxd4 Nc6 5. c4 Nf6 6. Nc3 d6 7. Be2 Nxd4 8.
Qxd4 Bg7 9. O-O O-O 10. Bg5 Be6 11. Qe3 Qb6 12. Rab1 Rfc8 13. b3 Qxe3 14. Bxe3
a6 15. a4 b5 16. axb5 axb5 17. Nd5 Bxd5 18. exd5 Ne4 19. cxb5 Nc3 20. Bc4 Nxb1
21. Rxb1 Bc3 22. b6 Rcb8 23. Bb5 e6 24. Bc6 Ra5 25. Kf1 Bb4 26. b7 exd5 27. Rd1
Kf8 28. Bxd5 Rxd5 29. Rxd5 Rxb7 30. Rd3 Ke7 31. Ke2 Ke6 32. Bd2 d5 33. Be3 Rb5
34. Bd4 Ra5 35. Re3+ Kd7 36. Kd3 Ra3 37. Ke2 Ra2+ 38. Kf3 Rd2 39. Bc3 Bxc3 40.
Rxc3 d4 41. Rc1 f5 42. b4 h6 43. Rb1 Kc6 44. b5+ Kb6 45. g3 g5 46. h4 g4+ 47.
Kg2 Rc2 48. Kf1 d3 49. Ke1 Re2+ 50. Kf1 Re5 51. f3 Rxb5 52. Ra1 Rb2 53. fxg4
fxg4 54. Ra8 Rh2 55. Rb8+ Kc5 56. Rc8+ Kd4 57. Rd8+ Ke3 0-1

[Event "Druga liga CS-Istok 2007"]
[Site "Prolom Banja"]
[Date "2007.10.07"]
[Round "5.4"]
[White "Popovic, Djordje D"]
[Black "Madjar, Stanislav"]
[Result "0-1"]
[WhiteElo "2262"]
[BlackElo "2176"]
[PlyCount "112"]
[EventDate "2007.09.09"]

1. d4 Nf6 2. c4 e6 3. Nc3 Bb4 4. e3 b6 5. Nge2 Ba6 6. a3 Bxc3+ 7. Nxc3 d5 8.
cxd5 Bxf1 9. Kxf1 Nxd5 10. Qg4 O-O 11. e4 f5 12. Qh3 Nf6 13. Be3 Nc6 14. Rd1
Qe8 15. exf5 exf5 16. Qxf5 Rd8 17. Qg5 Ne4 18. Nxe4 Qxe4 19. d5 Rf5 20. Qg3 Ne5
21. Kg1 Rd6 22. h4 Rg6 23. Bg5 h6 24. Qe3 Qg4 25. Rd4 Nf3+ 26. Qxf3 Qxf3 27.
gxf3 hxg5 28. hxg5 Rgxg5+ 29. Kf1 Rxd5 30. Rxd5 Rxd5 31. Rh4 Rd2 32. Rc4 Rxb2
33. Rxc7 a5 34. a4 Rb4 35. Rb7 Kh7 36. Kg2 Kg6 37. Kg3 Kf6 38. f4 g6 39. f3 Rb1
40. Rb8 Ke6 41. Rg8 Kf7 42. Rb8 Rb4 43. Kg4 Kf6 44. Rf8+ Ke7 45. Rb8 Kd7 46.
Kg5 Kc7 47. Rf8 Rxa4 48. Rf6 b5 49. Rxg6 b4 50. f5 b3 51. f6 Kd7 52. f7 Ke7 53.
Rb6 Rb4 54. Ra6 b2 55. Ra7+ Kf8 56. Kf6 Rb8 0-1

[Event "Druga liga CS-Istok 2007"]
[Site "Prolom Banja"]
[Date "2007.10.07"]
[Round "5.4"]
[White "Zivanovic, Nenad"]
[Black "Komnenic, Branko"]
[Result "0-1"]
[WhiteElo "2187"]
[BlackElo "2280"]
[PlyCount "92"]
[EventDate "2007.09.09"]

1. e4 e6 2. Qe2 c5 3. g3 Nc6 4. Bg2 d6 5. c3 g6 6. f4 Bg7 7. Nf3 Nge7 8. O-O
O-O 9. d3 e5 10. Be3 b6 11. Nh4 f6 12. f5 g5 13. Nf3 d5 14. Rd1 Ba6 15. Qc2 Kh8
16. h4 g4 17. Nh2 h5 18. Na3 d4 19. Bc1 b5 20. c4 Nb4 21. Qb3 bxc4 22. Nxc4 Rb8
23. a3 Nbd5 24. Qc2 Nb6 25. Bf1 Nxc4 26. dxc4 Qb6 27. b4 Bb7 28. b5 a6 29. a4
a5 30. Bd3 Ng8 31. Qe2 Bh6 32. Nxg4 hxg4 33. Qxg4 Rf7 34. Kf2 Bxc1 35. Raxc1
Nh6 36. Qf3 Rg8 37. Rg1 Rg4 38. Rce1 Rfg7 39. Bf1 Qd8 40. Bd3 Qg8 41. Bf1 Qa8
42. Bd3 Nf7 43. Re2 Nd6 44. Rge1 Qg8 45. Rg1 Nxc4 46. Rc2 Nd6 0-1

[Event "Druga liga CS-Istok 2007"]
[Site "Prolom Banja"]
[Date "2007.11.07"]
[Round "5.4"]
[White "Illijin, Neboisa"]
[Black "Ilic, Aleksandar"]
[Result "1-0"]
[WhiteElo "2250"]
[BlackElo "2081"]
[PlyCount "55"]
[EventDate "2007.09.09"]

1. e4 c5 2. Nf3 d6 3. d4 cxd4 4. Nxd4 Nf6 5. Nc3 a6 6. Be2 e5 7. Nb3 Be6 8. f4
Qc7 9. g4 exf4 10. g5 Nfd7 11. Bxf4 Nc6 12. Qd2 Nce5 13. O-O-O O-O-O 14. Nd4 g6
15. Rhf1 Qa5 16. Kb1 Nc4 17. Bxc4 Bxc4 18. Nb3 Qb6 19. Nd5 Qc6 20. Rf3 Bxb3 21.
axb3 Kb8 22. Rc3 Qb5 23. Nc7 Qb6 24. Be3 Qa5 25. Qd4 Nc5 26. Qxh8 Kxc7 27. Bxc5
Be7 28. Bxd6+ 1-0

[Event "Druga liga CS-Istok 2007"]
[Site "Prolom Banja"]
[Date "2007.10.07"]
[Round "5.5"]
[White "Vojinovic, Goran"]
[Black "Panic, Milan"]
[Result "1-0"]
[WhiteElo "2463"]
[BlackElo "2203"]
[PlyCount "64"]
[EventDate "2007.09.09"]

1. d4 Nf6 2. c4 e6 3. Nf3 b6 4. g3 Ba6 5. Nbd2 Bb4 6. Qc2 O-O 7. Bg2 c6 8. O-O
d5 9. Rd1 Bb7 10. b3 Nbd7 11. Bb2 Rc8 12. Rac1 Qe7 13. e4 Rfd8 14. e5 Ne8 15.
Nb1 c5 16. a3 Ba5 17. dxc5 bxc5 18. cxd5 Bxd5 19. Nbd2 Rb8 20. Nc4 Bc7 21. Bc3
Nb6 22. Ncd2 Nd7 23. Rb1 Rdc8 24. Re1 h6 25. Bf1 Nb6 26. Ne4 Bd8 27. Nfd2 Qb7
28. Ba1 Be7 29. Nc3 Bc6 30. Nde4 Nd7 31. Nd2 Nb6 32. Nce4 Bd5 1-0

[Event "Druga liga CS-Istok 2007"]
[Site "Prolom Banja"]
[Date "2007.10.07"]
[Round "5.5"]
[White "Kolbert, Engelbert"]
[Black "Milosevic, Aleksandar"]
[Result "1-0"]
[WhiteElo "2167"]
[BlackElo "2287"]
[PlyCount "69"]
[EventDate "2007.09.09"]

1. e4 c5 2. c3 d5 3. exd5 Qxd5 4. d4 g6 5. Nf3 cxd4 6. cxd4 Bg7 7. Nc3 Qa5 8.
Bc4 Nh6 9. Bxh6 Bxh6 10. Ne5 O-O 11. Qf3 e6 12. O-O Nc6 13. Nxc6 bxc6 14. Qxc6
Rb8 15. Rab1 Qh5 16. Qc5 Qh4 17. g3 Qh3 18. Rfd1 e5 19. Ne4 Bg7 20. d5 Qg4 21.
Qe3 Qd7 22. Nc5 Qd6 23. Ne4 Qb4 24. b3 Kh8 25. Qxa7 Bg4 26. a3 Rb7 27. Qc5 Qxc5
28. Nxc5 Ra7 29. f3 Bxf3 30. Re1 e4 31. Na4 Bd4+ 32. Kf1 f5 33. Be2 Bg4 34. Kg2
Bxe2 35. Rxe2 1-0

[Event "Druga liga CS-Istok 2007"]
[Site "Prolom Banja"]
[Date "2007.10.07"]
[Round "5.5"]
[White "Jevtic, Sasa"]
[Black "Stojanovic, Ivan"]
[Result "1-0"]
[WhiteElo "2162"]
[BlackElo "2176"]
[PlyCount "104"]
[EventDate "2007.09.09"]

1. d4 Nf6 2. Nf3 g6 3. c4 Bg7 4. Nc3 O-O 5. g3 d5 6. Bg2 c6 7. cxd5 Nxd5 8. O-O
Nd7 9. Nxd5 cxd5 10. Qb3 Nb6 11. Ne5 Nc4 12. Bf4 Nxe5 13. Bxe5 e6 14. Bxg7 Kxg7
15. Rac1 Rb8 16. Rc3 Bd7 17. h4 Bc6 18. e3 a6 19. Rfc1 Qd7 20. Bf1 Rfc8 21. Qb6
h5 22. b3 Qe7 23. f4 Qa3 24. R1c2 Qe7 25. a4 Qd7 26. Qb4 Qd8 27. Rc5 Bd7 28.
Bd3 Rxc5 29. dxc5 Bc6 30. Qd4+ Qf6 31. Rf2 Qxd4 32. exd4 Kf6 33. Rc2 Ke7 34.
Kf2 Kd7 35. Kf3 Re8 36. Ra2 a5 37. Bb5 Ra8 38. Ke3 Kc7 39. Kd3 Bd7 40. Kc3 Bc6
41. Rc2 Ra7 42. Rg2 Ra8 43. Rc2 Ra7 44. Kd3 Ra8 45. Ra2 Ra7 46. Ke3 Ra8 47. Kf3
Rh8 48. Rb2 Ra8 49. Bd3 Ra7 50. Be2 Ra8 51. g4 hxg4+ 52. Kxg4 Rh8 1-0

[Event "Druga liga CS-Istok 2007"]
[Site "Prolom Banja"]
[Date "2007.10.07"]
[Round "5.5"]
[White "Pavlovic, Dean"]
[Black "Stefanovic, Vladimir"]
[Result "1-0"]
[WhiteElo "2289"]
[BlackElo "2216"]
[PlyCount "95"]
[EventDate "2007.09.09"]

1. c4 Nf6 2. g3 g6 3. Bg2 Bg7 4. e3 O-O 5. Ne2 d6 6. O-O e5 7. Nbc3 Nc6 8. d3
Be6 9. h3 Qd7 10. Kh2 Rad8 11. e4 Ne8 12. Nd5 Ne7 13. Be3 f5 14. f4 fxe4 15.
dxe4 c6 16. Nxe7+ Qxe7 17. Qc2 b6 18. Rad1 Bh6 19. Qc1 Ng7 20. b3 Bc8 21. a4
Kh8 22. Qc3 Kg8 23. a5 c5 24. axb6 axb6 25. fxe5 Bxe3 26. Qxe3 dxe5 27. Nc3
Rxd1 28. Rxd1 Ne6 29. Nd5 Qd7 30. Qc3 Nd4 31. Ra1 Qf7 32. Rf1 Qe6 33. Rxf8+
Kxf8 34. b4 Bb7 35. bxc5 bxc5 36. Qa5 Qd6 37. Nc3 Bc6 38. Qb6 Ke7 39. Qa7+ Kf8
40. Qxh7 Qf6 41. Qh6+ Kg8 42. Qe3 Qe6 43. Nd5 Bxd5 44. exd5 Qd6 45. h4 Kg7 46.
Be4 Qc7 47. Qg5 Qd6 48. h5 1-0

[Event "Druga liga CS-Istok 2007"]
[Site "Prolom Banja"]
[Date "2007.10.07"]
[Round "5.5"]
[White "Stojanovic, Dusan"]
[Black "Vojinovic, Jovana"]
[Result "0-1"]
[WhiteElo "2176"]
[BlackElo "2217"]
[PlyCount "92"]
[EventDate "2007.09.09"]

1. c4 e5 2. g3 c6 3. Bg2 d5 4. cxd5 cxd5 5. d3 Nf6 6. Nf3 Nc6 7. O-O h6 8. b3
Bd6 9. Ba3 O-O 10. Bxd6 Qxd6 11. Nc3 d4 12. Ne4 Nxe4 13. dxe4 Be6 14. Nh4 Qc7
15. Qd3 Rfe8 16. Rac1 a5 17. f4 exf4 18. Rxf4 Qd7 19. Nf5 Ne5 20. Qd2 Red8 21.
Rc5 Ng6 22. Rf1 b6 23. Rcc1 a4 24. Qb4 axb3 25. axb3 Ra5 26. Qxb6 Rb5 27. Qa6
Rxb3 28. Rcd1 Rb4 29. Rd2 Rdb8 30. Qa1 Ra4 31. Qd1 Bxf5 32. exf5 Ne5 33. Be4
Ng4 34. Qc1 Rab4 35. Bd3 Ne3 36. Rf3 Rc8 37. Qa1 Ra4 38. Qb1 Qa7 39. Rxe3 dxe3
40. Rd1 Ra8 41. Kg2 Rb8 42. Qc2 Ra2 43. Qc6 Rd2 44. Rc1 Qa3 45. Qc7 Rf8 46. Rc3
Qa2 0-1

[Event "Druga liga CS-Istok 2007"]
[Site "Prolom Banja"]
[Date "2007.10.07"]
[Round "5.6"]
[White "Raicevic, Ivica"]
[Black "Brankovic, Dejan"]
[Result "0-1"]
[WhiteElo "2323"]
[BlackElo "2395"]
[PlyCount "86"]
[EventDate "2007.09.09"]

1. c4 Nf6 2. Nf3 g6 3. g3 Bg7 4. Bg2 O-O 5. Nc3 d6 6. O-O c5 7. a3 Nc6 8. Rb1
Bd7 9. b4 Qc8 10. Re1 Bh3 11. Bh1 Qf5 12. d3 Qh5 13. Nd5 Nxd5 14. cxd5 Qxd5 15.
bxc5 Qxc5 16. Rxb7 Rab8 17. Rxb8 Rxb8 18. Ng5 Bd7 19. Ne4 Qa5 20. Bg2 h6 21. h3
Nd4 22. Qd2 Qa6 23. e3 Nb3 24. Qc2 Nxc1 25. Qxc1 Rc8 26. Qb1 Qxa3 27. d4 Qa5
28. Re2 Qc7 29. Kh2 Bf5 30. Rb2 d5 31. Rb7 Qd8 32. Rxa7 Bxe4 33. Bxe4 dxe4 34.
Qxe4 Bf6 35. h4 h5 36. Qb7 Rb8 37. Qc6 Qb6 38. Qa4 Qb2 39. Kg2 Rc8 40. d5 Qe5
41. Rd7 Qf5 42. e4 Qe5 43. Rb7 Qc3 0-1

[Event "Druga liga CS-Istok 2007"]
[Site "Prolom Banja"]
[Date "2007.10.07"]
[Round "5.6"]
[White "Zlatanovic, Boroljub"]
[Black "Bura, Goran"]
[Result "1-0"]
[WhiteElo "2371"]
[BlackElo "2263"]
[PlyCount "115"]
[EventDate "2007.09.09"]

1. Nc3 c5 2. Nf3 Nc6 3. d4 cxd4 4. Nxd4 Nf6 5. g3 Qb6 6. Nb3 d6 7. Bg2 e6 8.
O-O a6 9. e4 Be7 10. a4 Na5 11. Be3 Qc7 12. Nxa5 Qxa5 13. Bf4 Qc7 14. Re1 Nd7
15. a5 Ne5 16. Qd4 O-O 17. Na4 Bd7 18. Nb6 Rad8 19. Rad1 Bc6 20. c4 g5 21. Bc1
f5 22. f4 gxf4 23. gxf4 Bh4 24. fxe5 dxe5 25. Qe3 Bxe1 26. Qg5+ Qg7 27. Rxd8
Qxg5 28. Rxf8+ Kxf8 29. Bxg5 Bxa5 30. Nc8 Bb4 31. Be3 f4 32. Bf2 Ke8 33. c5 a5
34. Nd6+ Ke7 35. Nc4 Kf6 36. Bf3 a4 37. Kg2 Bb5 38. Be2 a3 39. bxa3 Bxa3 40.
Kf3 Bb4 41. Nd6 Bc6 42. Bb5 Bxb5 43. Nxb5 h5 44. Nd6 b6 45. Nc4 bxc5 46. Bh4+
Kg7 47. Nxe5 Bd2 48. Nc4 Bc3 49. Kxf4 Kg6 50. Be7 Bd4 51. Ne5+ Kg7 52. Nf3 Bf2
53. Kg5 c4 54. Bf6+ Kh7 55. Kxh5 Be3 56. Bc3 Bf4 57. h4 Be3 58. Kg4 1-0

[Event "Druga liga CS-Istok 2007"]
[Site "Prolom Banja"]
[Date "2007.10.07"]
[Round "5.6"]
[White "Turudic, Nenad"]
[Black "Grujic, Nebojsa"]
[Result "1/2-1/2"]
[WhiteElo "2232"]
[BlackElo "2204"]
[PlyCount "75"]
[EventDate "2007.09.09"]

1. e4 e6 2. d4 d5 3. Nc3 Bb4 4. e5 c5 5. a3 Bxc3+ 6. bxc3 Ne7 7. h4 Nbc6 8. h5
h6 9. Nf3 Qa5 10. Bd2 c4 11. g3 Bd7 12. Bh3 O-O-O 13. O-O Rdg8 14. Nh2 Kb8 15.
Ng4 Rf8 16. Qc1 Ng8 17. Re1 Bc8 18. a4 Qd8 19. Kg2 Qe8 20. Bf4 Ka8 21. a5 a6
22. Qe3 Nd8 23. Reb1 Ne7 24. Rb6 Nec6 25. Qe2 Na7 26. Bc1 Nb5 27. Bd2 Bd7 28.
Ne3 Bc6 29. Kg1 f5 30. exf6 gxf6 31. Ng2 e5 32. dxe5 Qxe5 33. Qxe5 fxe5 34. Nh4
Re8 35. Ng6 Rh7 36. Re1 Nf7 37. Rxc6 bxc6 38. Bd7 1/2-1/2